| 000 | 00369nam a2200145Ia 4500 | ||
|---|---|---|---|
| 999 |
_c7751 _d7751 |
||
| 008 | 191201s2019 xx 000 0 und d | ||
| 022 | _a9386668645 | ||
| 100 | _aRATH, Prasanta | ||
| 245 | 0 | _aChemistry as per AICTE model Curriculum 2018 | |
| 250 | _aRep | ||
| 260 |
_c2019 _bCengage Learning _aNew Delhi |
||
| 300 | _aMISC | ||
| 650 | _aAPPLIED | ||
| 942 |
_2ddc _cBB _0976 |
||